High on happiness. (Record no. 12764)

000 -LEADER
fixed length control field 00465nam a2200169 a 4500
001 - CONTROL NUMBER
control field :::00010578$&:&@@
003 - CONTROL NUMBER IDENTIFIER
control field OkBaRHE
005 - DATE AND TIME OF LATEST TRANSACTION
control field 20000607103400.0
008 - FIXED-LENGTH DATA ELEMENTS--GENERAL INFORMATION
fixed length control field j 000 0 eng u
040 ## - CATALOGING SOURCE
Transcribing agency
100 1# - MAIN ENTRY--PERSONAL NAME
Personal name Schuller, Robert Harold.
245 10 - TITLE STATEMENT
Title High on happiness.
260 ## - PUBLICATION, DISTRIBUTION, ETC. (IMPRINT)
Place of publication, distribution, etc No Imprint.
650 ## - SUBJECT ADDED ENTRY--TOPICAL TERM
Topical term or geographic name as entry element Christian Life
942 ## - ADDED ENTRY ELEMENTS (KOHA)
Source of classification or shelving scheme
Koha item type Books
Copies
Damaged status Shelving location Not for loan Withdrawn status Date last seen Source of classification or shelving scheme Koha item type Barcode Date acquired Full call number Permanent Location Price effective from Lost status Copy number
 General Stacks  2010-04-14 Books105782010-04-14BV 4501 .S3RHEMA Bible Training College2010-04-14 1